RC Lens Squad 2025-2026 - Statistics

General Stats
  • This quiz has been taken 100 times
    34 since last reset
  • The average score is 20 of 33
Answer Stats
# Position Nation Player % Correct
40 GK France Robin Risser
100%
10 FW France Florian Thauvin
96%
9 FW France Allan Saint-Maximin
89%
7 FW France Florian Sotoca
89%
8 MF Mali Mamadou Sangaré
89%
- Coach France Pierre Sage
85%
6 DF Austria Samson Baidoo
85%
5 MF Montenegro Andrija Bulatović
81%
37 DF Burkina Faso Ismaëlo Ganiou
81%
4 DF Bosnia and Herzegovina Nidal Čelik
81%
11 FW France Odsonne Edouard
81%
23 DF Saudi Arabia Saud Abdulhamid
81%
28 MF France Adrien Thomasson
78%
3 DF Colombia Deiver Machado
78%
2 DF France Ruben Aguilar
70%
22 FW France Wesley Saïd
67%
24 DF France Jonathan Gradit
63%
13 DF Ecuador Jhoanner Chávez
59%
14 DF France Matthieu Udol
59%
21 MF Mali Amadou Haidara
56%
15 MF Nigeria Hamzat Ojediran
52%
20 DF France Malang Sarr
52%
38 FW France Rayan Fofana
52%
27 DF DR Congo Arthur Masuaku
48%
19 FW Senegal Abdallah Sima
37%
33 MF France Fodé Sylla
33%
16 GK France Mathieu Gorgelin
33%
29 FW Guinea Morgan Guilavogui
33%
1 GK France Régis Gurtner
33%
35 FW France Anthony Bermont
30%
32 DF France Kyllian Antonio
30%
50 GK France Ilan Jourdren
15%
31 MF France Alpha Diallo
4%
No matching quizzes found
Score Distribution
Percent of People with Each Score
Percentile by Number Answered
Your Score History
You have not taken this quiz since the last reset